Código Procesal Penal: sistematizado con jurisprudencia
Kaydedildi:
| Müşterek Yazar: | |
|---|---|
| Diğer Yazarlar: | |
| Materyal Türü: | Kitap |
| Dil: | İspanyolca |
| Baskı/Yayın Bilgisi: |
Santiago, Chile:
Legal Publishing; Thomson Reuters,
2015
|
| Konular: | |
| Etiketler: |
Etiketle
Etiket eklenmemiş, İlk siz ekleyin!
|
MARC
| LEADER | 00000cam a2200000 a 4500 | ||
|---|---|---|---|
| 001 | UCE8117 | ||
| 003 | CL-VaPUC | ||
| 005 | 20241002150153.0 | ||
| 008 | 150728e20150000cl |||||||||||||||||spa|d | ||
| 999 | |c 360067 |d 360065 | ||
| 020 | |a 9789563466850 | ||
| 040 | |c Pontificia Universidad Católica de Valparaíso | ||
| 082 | 0 | 4 | |a 345.8305 CHI 2015 |2 21 |
| 110 | 1 | |a Chile |9 890760 | |
| 245 | 1 | 0 | |a Código Procesal Penal: sistematizado con jurisprudencia |
| 260 | |a Santiago, Chile: |b Legal Publishing; |b Thomson Reuters, |c 2015 | ||
| 300 | |a 764 páginas | ||
| 505 | |a Prólogo. Mensaje de S.E. el Presidente de la República con el que inicia un proyecto de ley que establece un nuevo Código de Procedimiento Penal. -Libro Primero. Disposiciones Generales. -Libro Segundo. Procedimiento Ordinario. -Libro Tercero. Recursos. -Libro Cuarto. Procedimientos Especiales y Ejecución. | ||
| 583 | |a last modification |c 20150728 02:04:00 |k Rodrigo Vera | ||
| 650 | 0 | |a Derecho penal chileno |9 891938 | |
| 650 | 0 | |a Derecho procesal penal |9 891939 | |
| 650 | 0 | |a Código procesal penal |9 432657 | |
| 650 | 0 | |a Jurisprudencia procesal |9 254972 | |
| 700 | |a Blanco Suárez, Rafael |9 891940 | ||
| 942 | |c BK |2 ddc | ||
| 945 | |d 20150728 02:04:00 |a dcastane | ||
| 952 | |0 0 |1 0 |3 erb |4 0 |6 345_830500000000000_CHI_2015 |7 0 |8 R |9 469694 |a BIBDER |b BIBDER |i 5191017 |o 345.8305 CHI 2015 |p 5191017 |r 2023-01-25 |w 2019-11-23 |y BK_R |z Catalogado en:20150728 |k DER | ||